000 00925nam a2200277 i 4500
003 DO-SdBNP
005 20260220082527.0
007 ta
008 260219b2025 dr ac||| |||| 00| 0 spa d
020 _a9789945645972
040 _aDO-SdBNP
_bspa
_cBNPHU
_erda
041 _aspa
082 4 _axxx
_bJ61b
_222
100 _986470
_aJiménez, Félix
245 1 3 _aEl bolero en Iberoamérica :
_bdiccionario biográfico /
_cFélix Jiménez (Felucho) ; cuidado de edición, Talid Feld
250 _aPrimera edición
264 _aSanto Domingo, República Dominicana :
_bImprenta Amigo del Hogar
_c2025.
300 _a234 páginas :
_bilustraciones, retratos ;
_c24 cm.
336 _atexto
_btxt
_2rdacontent
337 _asin mediación
_bn
_2rdamedia
338 _avolumen
_bnc
_2rdacarrier
590 _aInventariado, 2026 /LP
700 _aFeld, Talid, 1
_eedición
_4ed.
_989064
910 _aLP
942 _2ddc
_cLBS1
999 _c60378
_d60377